000 00895nam a2200241 a 4500
001 63233
003 BD-RjUL
005 20211209081155.0
008 170129s1995 ii a b 011 0deng d
020 _a8122407234
035 _a(BD-RjUL)63362
040 _aBD-RjUL
_cBD-RjUL
_dBD-RjUL
_beng
041 _aeng
082 _223
_a954.035
_bMAH 1995
245 0 0 _aMahatma Gandhi 125 years :
_bremembering Gandhi, understanding Gandhi, relevance of Gandhi /
_cedited by B.R. Nanda.
260 _aNew Delhi :
_bIndian Council for Cultural Relations & New Age International Publishers,
_cc1995.
300 _axix, 427 p. :
_bill. ;
_c25 cm.
504 _aIncludes bibliographical references and index.
600 1 0 _aGandhi,
_cMahatma,
_d1869-1948.
_9188208
651 0 _aIndia
_xPolitics and government
_y1919-1947.
_9172110
700 1 _aNanda, B. R.
_q(Bal Ram),
_d1917-2010.
_9172604
942 _2ddc
_cBK
999 _c63233
_d63233